Managerial ethics of the government vis-a-vis the globalised economy (Record no. 50108)

000 -LEADER
fixed length control field 01240pab a2200193 454500
008 - FIXED-LENGTH DATA ELEMENTS--GENERAL INFORMATION
fixed length control field 180718b2001 xxu||||| |||| 00| 0 eng d
100 ## - MAIN ENTRY--PERSONAL NAME
Personal name Balaramulu, Ch.
245 ## - TITLE STATEMENT
Title Managerial ethics of the government vis-a-vis the globalised economy
260 ## - PUBLICATION, DISTRIBUTION, ETC.
Date of publication, distribution, etc. 2001
300 ## - PHYSICAL DESCRIPTION
Extent p.1-10.
362 ## - DATES OF PUBLICATION AND/OR SEQUENTIAL DESIGNATION
Dates of publication and/or sequential designation Jan-Mar
520 ## - SUMMARY, ETC.
Summary, etc. With the concept of socialist state yielding space to liberalisation, globalisation and free market competition, the public interface of the welfare mechanism is poised for a qualitative change. This article evaluates the options before public managers in determining relationship with employees, customers, stock-holders, creditors, investors and general public at large. It suggests the ethical standards which should be observed both by government and private organisations. The essay further emphasises that it is ethical and legal responsibility of the Indian state, more than ever before, to protect the people, workforce and its own policies against the MNCs, capital, privatisation and imperfect market forces. - Reproduced
650 ## - SUBJECT ADDED ENTRY--TOPICAL TERM
Topical term or geographic name entry element Management
650 ## - SUBJECT ADDED ENTRY--TOPICAL TERM
Topical term or geographic name entry element Public administration
700 ## - ADDED ENTRY--PERSONAL NAME
Personal name Prasad, Ch. R.R.M.
773 ## - HOST ITEM ENTRY
Main entry heading Indian Journal of Public Administration
908 ## - PUT COMMAND PARAMETER (RLIN)
Put command parameter N
909 ## -
-- 50108
Holdings
Withdrawn status Lost status Damaged status Not for loan Permanent Location Current Location Date acquired Serial Enumeration / chronology Barcode Date last seen Price effective from Koha item type
        Indian Institute of Public Administration Indian Institute of Public Administration 2018-07-19 Volume no: 47, Issue no: 1 AR50536 2018-07-19 2018-07-19 Articles

Powered by Koha